000 00960nam a2200277Ia 4500
003 OSt
005 20220923225144.0
006 a|||||r|||| 00| 0
007 ta
008 220922b |||||||| |||| 00| 0 hin d
020 _c120
024 _a258,752
037 _b311, 30/06/2011, Vani Prakashan
_cTextual
040 _aARTS
_cARTS
_bhin
041 _2hin
_ahin
082 _aO152,1K15:g, L6
100 _aशुक्ल, रामदेव
_9156318
245 0 _aघनानन्द का काव्य
246 _aGhanānanda kā kāvya
260 _aइलाहाबाद
_b लोकभारती प्रकाशन
_c1976
300 _a118पृ.
_ccm.
650 _a हिन्दी कविता
650 _aहिन्दी साहित्य
_9156264
942 _hO152,1K15:g, L6
_cTEXL
_2CC
999 _c376435
_d376435